| 000 | 00477nam a2200169Ia 4500 | ||
|---|---|---|---|
| 008 | 230718s9999 xx 000 0 und d | ||
| 020 | _a9788126551040 | ||
| 041 | _aeng | ||
| 082 |
_a005.74 _bRAH |
||
| 100 | _aRahimi S.K. | ||
| 245 |
_aDistributed Database Management Systems _bA Practical Approach |
||
| 260 |
_c2014 _bWiley |
||
| 300 | _a728 | ||
| 365 |
_cRs. _b729.00 |
||
| 700 | _aRahimi S.K. & Haug F.S. | ||
| 906 |
_dO:0558805-Jul-2017B:IN9508-Jun-2017 _cCOMP _b408.24 |
||
| 999 |
_c344900 _d344900 |
||